000 00613nam a2200193Ia 4500
003 GCL
008 140319s9999 xx 000 0 ara d
040 _aGCL /
_cGCL
082 0 4 _a540
_bل ك
100 1 _aحسن عابدين (مترجم)
245 1 0 _aالكيمياء: مادة و معنى /
_cحسن عابدين (مترجم)
700 1 _aلسنج، لورنس ب
700 1 _aحسن عبد العزيز مرسى (مراجع)
650 0 4 _aالكيمياء
650 0 4 _aالنشاط الاشعاعى
650 0 4 _aالكيمياء - خصائص
650 0 4 _aكمياء الارض
942 _2ddc
_cBK
999 _c45249
_d45249